| 000 | 00805nam a22002177a 4500 | ||
|---|---|---|---|
| 003 | OSt | ||
| 005 | 20131113134631.0 | ||
| 008 | 130402s2011 sp ||||| |||| 00| 0 spa d | ||
| 020 | _a9788487641473 | ||
| 040 | _cCDMR | ||
| 100 | 1 |
_91251 _aDíaz Nosty, Bernardo |
|
| 245 | 1 | 0 |
_aLibro negro del periodismo en España _cBernardo Díaz Nosty ; [con ilustraciones de El Roto ; prólogo de Fernando González Urbaneja] |
| 260 |
_aMadrid _bUniversidad de Málaga. Cátedra Unesco de Comunicación |
||
| 260 |
_bAsociación de la Prensa de Madrid _c2011 |
||
| 300 | _a109 p. | ||
| 650 | 0 | 4 |
_9396 _aMitjans de comunicació de massa _zEspanya |
| 650 | 0 | 4 |
_93782 _aPeriodistes _xPràctica professional |
| 650 | 0 | 4 |
_94341 _aMercat de treball _zEspanya |
| 650 | 0 | 4 |
_9999 _aPeriodisme _xAspectes polítics |
| 942 |
_2udc _cMON |
||
| 999 |
_c6033 _d6033 |
||